Zgadnij mistrza danego kraju w Europie w piłce nożnej - Statystyki

Ogólne statystyki
  • Ten quiz został rozwiązany 11 razy
  • Średni wynik to 8 z 47
Statystyki odpowiedzi
Liga Klub % Poprawnych
Liga Portugal Bwin Benfica
64%
Super Lig Galatasaray
64%
Ekstraklasa Raków Częstochowa
64%
Bundesliga Bayern Monachium
55%
Eredivisie Feyenoord
55%
1. Ceska Sparta Praga
55%
LaLiga FC Barcelona
45%
Srpska Liga Crvena Zvezda
36%
Prva Hrvatska Dinamo Zagrzeb
36%
Superligaen FC Kopenhaga
36%
Premier League Manchester City
36%
Serie A Napoli
36%
Ligue 1 Paris Saint Germain
36%
Swiss Super League Young Boys
36%
Premiership Celtic
27%
Meistriliiga Flora
27%
Premier Liha Shakhtar
27%
Parwa Liga Ludogorets
18%
Allsvenskan Malmo
18%
Superleague Ellada AEK Ateny
9%
Eliteserien Bodo Glimt
9%
WyszejszajaLiha Dynamo Mińsk
9%
O.Bundesliga FC Salzburg
9%
Pro League KRC Genk
9%
Liechtenstein Cup Vaduz
9%
Besta-deild Karla Vikingur Reykjavik
9%
Priemjer-Liga Zenit
9%
PrimeraDivisio Atletic Escaldes
0%
Prva Crnogorska Buducnost
0%
Liga I Farul Constanta
0%
OTP Bank Liga Ferencvaros
0%
A lyga FK Panavezys
0%
Maltese Premier League Hamrun
0%
Nationaldivisioun Hesperange
0%
Betri Premier League Klaksvik
0%
Veikkausliiga Kups
0%
NIFL Premiership Larne
0%
Prva Liga O Ljubljana
0%
Super Liga Partizani
0%
Optibet Virsliga Riga FC
0%
Irish Premier Division Shamrock
0%
Divizia Nationala Sheriff Tiraspol
0%
Fortuna Liga Slovan Bratysława
0%
Prwa makedonska Struga
0%
Cymru Premier TNS
0%
Campionato Sammarinese Tre Penne
0%
Premijer LigaBosne i Hercegovine Zrinjski
0%
Nie znaleziono quizów pasujących do podanych kryteriów
Rozkład punktacji
Procent ludzi z każdym wynikiem
Percentyl według liczby udzielonych odpowiedzi
Twoja historia wyników
Nie rozwiązałeś tego quizu